|
|
|
|
| LEADER |
00989nam a2200229 a 4500 |
| 003 |
GR-PaULI |
| 005 |
20190612133252.0 |
| 008 |
950906s1995 nyua b 001 0 eng d |
| 952 |
|
|
|0 0
|1 0
|2 ddc
|4 0
|6 330_090000000000000_ORM
|7 0
|9 227927
|a LISA
|b LISA
|c BSC
|d 2018-11-27
|i 14354
|l 0
|o 330.09 ORM
|p 027000001483
|r 2018-11-27 00:00:00
|t 1
|w 2018-11-27
|y BK15
|
| 999 |
|
|
|c 137508
|d 137508
|
| 020 |
|
|
|a 0312134649
|
| 040 |
|
|
|a GR-PaULI
|c GR-PaULI
|b gre
|d GR-AiPI
|e AACR2
|
| 082 |
0 |
4 |
|a 330.09
|2 23
|
| 100 |
1 |
|
|a Ormerod, Paul.
|9 172490
|e συγγραφέας.
|
| 245 |
1 |
4 |
|a The death of economics /
|c Paul Ormerod.
|
| 260 |
|
|
|a New York :
|b St. Martin's Press,
|c 1995.
|
| 300 |
|
|
|a viii, 230 σ. :
|b εικ. ;
|c 22 εκ.
|
| 500 |
|
|
|a "A Thomas Dunne book."
|
| 504 |
|
|
|a Περιλαμβάνει βιβλιογραφικές αναφορές (σ. 217-219) και ευρετήριο.
|
| 650 |
|
4 |
|a Οικονομία
|x Ιστορία
|y 20ός αιώνας
|9 172491
|
| 942 |
|
|
|2 ddc
|c BK15
|
| 998 |
|
|
|c ΜΙΧΟΣΤΑΥΡΟΥ
|d 2018-11
|